000 00773nam a22002297a 4500
003 UA-OsUOA
001 69817
007 ta
008 20100706b un ||||| |||| 00| 0 ukr d
100 _aДенисов Ю. А.
090 _a343.22
_bД33
942 _cBK
040 _aUA-OsUOA
_brus
_cUA-OsUOA
_dUA-OsUOA
245 _aОбщая теория правонарушений и ответственности
_bмонография, социологический и юридический аспекти
300 _a144 с.
955 _a1
041 _arus
080 _a343.22
260 _aЛенинград
_bИзд. Ленингр. унив.
_c1983
650 7 _a343 Кримінальне право. Карні порушення
_2UDC
999 _c355953
_d355953